000
00512nam a2200181Ia 4500
008
090124s9999 xx 000 0 und d
082
_b
116327
100
_a
आपटे हरि नारायण
245
_a
मध्यान्ह
250
_a
1
260
_c
1975
300
_a
80
600
_a
आपटे हरि नारायण
630
_a
मध्यान्ह
700
_a
आपटे हरि नारायण
730
_a
मध्यान्ह
942
_c
BOOK
999
_c
162418
_d
162418